Nom pour les crimes et délits - Statistiques

Statistiques générales
  • Ce quiz a été pris 21 868 fois
  • Le résultat moyen est 10 sur 22
Statistiques - réponses
Description Crime % Correct
Forcer à avoir des relations sexuelles Viol
87%
Soustraction frauduleuse de la chose d'autrui Vol
87%
Homicide intentionnel Meurtre
86%
Détenir une personne contre sa volonté Enlèvement
85%
Accusation fausse, mensonge qui attaque la réputation, l'honneur Calomnie
64%
Extorquer de l'argent sous la menace d'une révélation compromettante Chantage
63%
Avoir deux conjoints Bigamie
61%
Allumage de feu illégal Incendie volontaire
59%
Dérober après une pénétration par effraction Cambriolage
54%
Elimination d'un groupe national, ethnique ou religieux Génocide
53%
S'en prendre à quelqu'un physiquement, verbalement,... Agression
42%
Générer des profits sur l'activité sexuelle d'une tierce personne Proxénétisme
42%
Mentir au tribunal Parjure
35%
Attenter à la vie d'autrui par l'emploi de substance Empoisonnement
34%
Chasser ou pêcher en violation des lois et règlements Braconnage
30%
Paiements illégaux en échange d’influence Corruption
24%
Tromperie illégale à des fins personnelles Fraude
24%
Obtenir quelque chose par la violence ou la menace Extorsion
23%
Importer ou exporter clandestinement Contrebande
17%
Pénétrer quelque part sans autorisation Intrusion
14%
Dégrader une propriété Vandalisme
14%
Réunion pour organiser un futur crime Conspiration
10%
Aucun quiz correspondant
Distribution des résultats
% des personnes avec chaque résultat
Percentile par nombre de réponses
Votre historique - résultats
Vous n’avez pas pris ce quiz